[Event "PMPJ 2022 - D13"]
[Site "Jastrzebia Gora"]
[Date "2022.11.07"]
[Round "2.5"]
[White "Kretowicz, Daria"]
[Black "Chmielek, Kamelia"]
[Result "0-1"]
[BlackElo "1386"]
[WhiteElo "1115"]
[LiveChessVersion "1.4.8"]

1. e4 {[%clk 1:30:56]} c5 {[%clk 1:30:57]} 2. Nf3 {[%clk 1:30:07]} e6
{[%clk 1:31:15]} 3. d4 {[%clk 1:28:47]} cxd4 {[%clk 1:31:31]} 4. Nxd4
{[%clk 1:28:53]} Nf6 {[%clk 1:31:41]} 5. Nc3 {[%clk 1:28:42]} Nc6
{[%clk 1:31:46]} 6. Be3 {[%clk 1:26:28]} Bb4 {[%clk 1:31:44]} 7. Bd3
{[%clk 1:16:15]} d5 {[%clk 1:28:32]} 8. f3 {[%clk 1:04:12]} O-O {[%clk 1:12:38]}
9. O-O {[%clk 1:02:53]} Bc5 {[%clk 1:09:35]} 10. Nce2 {[%clk 0:57:59]} Qb6
{[%clk 1:03:55]} 11. c3 {[%clk 0:45:40]} dxe4 {[%clk 0:49:02]} 12. Bxe4
{[%clk 0:39:58]} Nxe4 {[%clk 0:46:59]} 13. fxe4 {[%clk 0:40:15]} a5
{[%clk 0:46:48]} 14. Bf2 {[%clk 0:37:10]} Ne5 {[%clk 0:41:28]} 15. Qc2
{[%clk 0:33:44]} Ng4 {[%clk 0:40:53]} 16. e5 {[%clk 0:29:56]} Nxe5
{[%clk 0:39:08]} 17. h3 {[%clk 0:29:05]} Rd8 {[%clk 0:38:43]} 18. Rad1
{[%clk 0:28:18]} Bd7 {[%clk 0:38:07]} 19. b3 {[%clk 0:25:18]} Rac8
{[%clk 0:37:46]} 20. Qe4 {[%clk 0:23:43]} Ng6 {[%clk 0:37:36]} 21. Qf3
{[%clk 0:21:14]} Be8 {[%clk 0:37:27]} 22. Qe4 {[%clk 0:18:49]} e5
{[%clk 0:36:40]} 23. Nf3 {[%clk 0:15:42]} Bxf2+ {[%clk 0:36:50]} 24. Kh1
{[%clk 0:14:44]} Bc6 {[%clk 0:36:19]} 25. Qf5 {[%clk 0:13:19]} Bxf3
{[%clk 0:21:50]} 26. Qxf3 {[%clk 0:13:16]} Rxd1 {[%clk 0:22:04]} 27. Rxd1
{[%clk 0:13:23]} Rf8 {[%clk 0:17:36]} 28. Rf1 {[%clk 0:12:11]} Bc5
{[%clk 0:17:38]} 29. c4 {[%clk 0:11:47]} Qc6 {[%clk 0:17:26]} 30. Qf5
{[%clk 0:11:34]} Qe6 {[%clk 0:16:37]} 31. Qe4 {[%clk 0:11:36]} b6
{[%clk 0:16:39]} 32. Nc3 {[%clk 0:10:44]} Nf4 {[%clk 0:16:51]} 33. Re1
{[%clk 0:10:19]} Nxh3 {[%clk 0:16:19]} 34. Nd1 {[%clk 0:09:19]} Nf2+
{[%clk 0:15:38]} 35. Nxf2 {[%clk 0:09:42]} Bxf2 {[%clk 0:16:03]} 36. Rf1
{[%clk 0:09:30]} Qh6+ {[%clk 0:16:27]} 0-1

[Event "PMPJ 2022 - D13"]
[Site "Jastrzebia Gora"]
[Date "2022.11.07"]
[Round "2.6"]
[White "Kucia, Kinga"]
[Black "Cichon, Julia"]
[Result "1/2-1/2"]
[BlackElo "1032"]
[WhiteElo "1162"]
[LiveChessVersion "1.4.8"]

1. d4 {[%clk 1:29:41]} Nf6 {[%clk 1:30:44]} 2. c4 {[%clk 1:30:05]} e6
{[%clk 1:30:42]} 3. Nf3 {[%clk 1:30:25]} d5 {[%clk 1:30:28]} 4. e3
{[%clk 1:29:02]} Bb4+ {[%clk 1:26:43]} 5. Bd2 {[%clk 1:28:05]} Bxd2+
{[%clk 1:25:50]} 6. Nbxd2 {[%clk 1:28:03]} O-O {[%clk 1:23:54]} 7. g3
{[%clk 1:26:00]} b6 {[%clk 1:21:47]} 8. Bg2 {[%clk 1:23:00]} Bb7 {[%clk 1:20:50]}
9. O-O {[%clk 1:22:11]} Nbd7 {[%clk 1:18:50]} 10. Rc1 {[%clk 1:19:47]} c5
{[%clk 1:17:16]} 11. Re1 {[%clk 1:06:51]} Re8 {[%clk 1:15:11]} 12. a3
{[%clk 1:00:28]} Rc8 {[%clk 1:12:14]} 13. Rc2 {[%clk 0:52:52]} h6
{[%clk 1:08:58]} 14. b4 {[%clk 0:46:06]} Qe7 {[%clk 1:05:34]} 15. Qb1
{[%clk 0:44:01]} Rc7 {[%clk 1:02:54]} 16. Rec1 {[%clk 0:40:30]} Rec8
{[%clk 1:00:27]} 17. Qb2 {[%clk 0:30:07]} Nh7 {[%clk 0:50:54]} 18. dxc5
{[%clk 0:26:54]} bxc5 {[%clk 0:50:44]} 19. b5 {[%clk 0:24:31]} f6
{[%clk 0:48:21]} 20. Qb3 {[%clk 0:18:16]} Nhf8 {[%clk 0:44:58]} 21. Ne1
{[%clk 0:15:19]} Qf7 {[%clk 0:43:48]} 22. Nd3 {[%clk 0:12:57]} Ng6
{[%clk 0:42:26]} 23. a4 {[%clk 0:10:07]} Nde5 {[%clk 0:41:19]} 24. Nxe5
{[%clk 0:08:43]} Nxe5 {[%clk 0:41:35]} 25. f4 {[%clk 0:07:41]} Ng6
{[%clk 0:39:26]} 26. a5 {[%clk 0:06:09]} Rd8 {[%clk 0:38:31]} 27. cxd5
{[%clk 0:04:23]} Bxd5 {[%clk 0:36:35]} 28. Bxd5 {[%clk 0:04:24]} Rxd5
{[%clk 0:36:32]} 29. Rd1 {[%clk 0:01:26]} Qe7 {[%clk 0:35:03]} 30. e4
{[%clk 0:00:33]} Rd8 {[%clk 0:33:34]} 31. f5 {[%clk 0:00:34]} Nf8
{[%clk 0:31:38]} 32. Rcc1 {[%clk 0:00:34]} Kh8 {[%clk 0:30:34]} 33. fxe6
{[%clk 0:00:33]} Nxe6 {[%clk 0:30:05]} 1/2-1/2

[Event "PMPJ 2022 - D13"]
[Site "Jastrzebia Gora"]
[Date "2022.11.07"]
[Round "2.7"]
[White "Socha, Maja"]
[Black "Pajer, Irena"]
[Result "1-0"]
[BlackElo "1112"]
[WhiteElo "1081"]
[LiveChessVersion "1.4.8"]

1. e4 {[%clk 1:30:55]} c5 {[%clk 1:30:20]} 2. Nf3 {[%clk 1:30:09]} e6
{[%clk 1:29:22]} 3. d4 {[%clk 1:30:18]} cxd4 {[%clk 1:29:31]} 4. Nxd4
{[%clk 1:30:30]} Nf6 {[%clk 1:29:21]} 5. Nc3 {[%clk 1:26:17]} Bb4
{[%clk 1:25:14]} 6. f3 {[%clk 1:14:14]} Nc6 {[%clk 1:20:47]} 7. Nxc6
{[%clk 1:11:50]} bxc6 {[%clk 1:20:33]} 8. Bg5 {[%clk 1:09:08]} e5
{[%clk 0:58:13]} 9. a3 {[%clk 1:03:11]} Bc5 {[%clk 0:56:46]} 10. Bc4
{[%clk 1:00:24]} h6 {[%clk 0:54:03]} 11. Bh4 {[%clk 0:58:20]} Rb8
{[%clk 0:49:18]} 12. Rb1 {[%clk 0:54:26]} d6 {[%clk 0:44:15]} 13. Qd2
{[%clk 0:51:15]} Be6 {[%clk 0:40:24]} 14. Bxe6 {[%clk 0:50:36]} fxe6
{[%clk 0:40:50]} 15. b4 {[%clk 0:49:37]} Bd4 {[%clk 0:40:38]} 16. Ne2
{[%clk 0:48:51]} Bb6 {[%clk 0:40:38]} 17. Bxf6 {[%clk 0:45:42]} gxf6
{[%clk 0:40:52]} 18. f4 {[%clk 0:44:18]} Qe7 {[%clk 0:40:17]} 19. Ng3
{[%clk 0:40:05]} Rd8 {[%clk 0:37:27]} 20. f5 {[%clk 0:38:04]} d5 {[%clk 0:36:13]}
21. Qc3 {[%clk 0:37:42]} Rc8 {[%clk 0:33:13]} 22. fxe6 {[%clk 0:37:10]} Qxe6
{[%clk 0:31:35]} 23. Nf5 {[%clk 0:36:30]} Rh7 {[%clk 0:30:09]} 24. Rd1
{[%clk 0:33:21]} Rd8 {[%clk 0:26:45]} 25. Qg3 {[%clk 0:32:05]} Qf7
{[%clk 0:25:47]} 26. exd5 {[%clk 0:26:05]} Rxd5 {[%clk 0:25:31]} 27. Nd6+
{[%clk 0:25:58]} Rxd6 {[%clk 0:25:29]} 28. Rxd6 {[%clk 0:26:09]} e4
{[%clk 0:20:01]} 29. Rf1 {[%clk 0:25:06]} Bc7 {[%clk 0:19:17]} 30. Rfxf6
{[%clk 0:24:15]} Bxd6 {[%clk 0:19:36]} 31. Qxd6 {[%clk 0:24:18]} Qe7
{[%clk 0:15:08]} 32. Re6 {[%clk 0:24:04]} 1-0

[Event "PMPJ 2022 - D13"]
[Site "Jastrzebia Gora"]
[Date "2022.11.07"]
[Round "2.8"]
[White "Wrona, Faustyna"]
[Black "Kaminska, Zuzanna"]
[Result "1-0"]
[BlackElo "1066"]
[WhiteElo "1094"]
[LiveChessVersion "1.4.8"]

1. e4 {[%clk 1:30:57]} e5 {[%clk 1:30:54]} 2. Nf3 {[%clk 1:31:23]} Nc6
{[%clk 1:31:16]} 3. d4 {[%clk 1:31:47]} exd4 {[%clk 1:31:37]} 4. Nxd4
{[%clk 1:32:12]} Bc5 {[%clk 1:31:55]} 5. Nb3 {[%clk 1:32:35]} Bb6
{[%clk 1:32:09]} 6. a4 {[%clk 1:32:58]} a6 {[%clk 1:31:58]} 7. Nc3
{[%clk 1:33:23]} h6 {[%clk 1:29:55]} 8. Qe2 {[%clk 1:33:39]} d6 {[%clk 1:29:46]}
9. Be3 {[%clk 1:34:01]} Bxe3 {[%clk 1:30:01]} 10. Qxe3 {[%clk 1:34:23]} Nf6
{[%clk 1:30:16]} 11. O-O-O {[%clk 1:34:42]} O-O {[%clk 1:30:35]} 12. f3
{[%clk 1:34:31]} Re8 {[%clk 1:30:22]} 13. g4 {[%clk 1:34:06]} Be6
{[%clk 1:22:40]} 14. Nd4 {[%clk 1:30:51]} b5 {[%clk 1:15:39]} 15. Nxc6
{[%clk 1:31:02]} Qc8 {[%clk 1:14:54]} 16. Kb1 {[%clk 1:30:00]} bxa4
{[%clk 1:14:52]} 17. Nxa4 {[%clk 1:29:31]} Bd7 {[%clk 1:14:37]} 18. Qc3
{[%clk 1:28:18]} Qb7 {[%clk 1:14:50]} 19. Na5 {[%clk 1:28:29]} Qc8
{[%clk 1:12:50]} 20. Qa3 {[%clk 1:27:49]} c5 {[%clk 1:12:07]} 21. Nb6
{[%clk 1:27:56]} 1-0

[Event "PMPJ 2022 - D13"]
[Site "Jastrzebia Gora"]
[Date "2022.11.07"]
[Round "3.3"]
[White "Chmielek, Kamelia"]
[Black "Wrona, Faustyna"]
[Result "1/2-1/2"]
[BlackElo "1094"]
[WhiteElo "1386"]
[LiveChessVersion "1.4.8"]

1. e4 {[%clk 1:30:58]} e5 {[%clk 1:30:55]} 2. Nf3 {[%clk 1:31:22]} Nc6
{[%clk 1:31:17]} 3. Bc4 {[%clk 1:31:46]} Bc5 {[%clk 1:31:38]} 4. d3
{[%clk 1:32:07]} Nf6 {[%clk 1:31:46]} 5. O-O {[%clk 1:32:27]} O-O
{[%clk 1:32:05]} 6. Re1 {[%clk 1:32:34]} d6 {[%clk 1:32:28]} 7. c3
{[%clk 1:32:52]} Be6 {[%clk 1:32:36]} 8. Bb3 {[%clk 1:32:17]} Re8
{[%clk 1:31:55]} 9. Bg5 {[%clk 1:28:35]} h6 {[%clk 1:31:34]} 10. Bh4
{[%clk 1:28:47]} Bxb3 {[%clk 1:30:28]} 11. Qxb3 {[%clk 1:27:42]} Rb8
{[%clk 1:29:26]} 12. Nbd2 {[%clk 1:27:14]} Re6 {[%clk 1:29:01]} 13. Nc4
{[%clk 1:24:44]} Qd7 {[%clk 1:27:30]} 14. Rad1 {[%clk 1:22:34]} b5
{[%clk 1:24:34]} 15. Ne3 {[%clk 1:22:19]} Bxe3 {[%clk 1:23:51]} 16. fxe3
{[%clk 1:21:30]} d5 {[%clk 1:21:58]} 17. Bxf6 {[%clk 1:18:25]} Rxf6
{[%clk 1:19:07]} 18. exd5 {[%clk 1:15:07]} Qg4 {[%clk 1:17:28]} 19. Rf1
{[%clk 1:07:34]} Ne7 {[%clk 1:15:11]} 20. Nxe5 {[%clk 0:53:07]} Qg5
{[%clk 1:12:27]} 21. Rxf6 {[%clk 0:52:06]} gxf6 {[%clk 1:12:10]} 22. Nd7
{[%clk 0:47:29]} Rd8 {[%clk 1:11:12]} 23. Qxb5 {[%clk 0:47:29]} Qxe3+
{[%clk 1:10:32]} 24. Kh1 {[%clk 0:47:16]} Qg5 {[%clk 1:10:11]} 25. c4
{[%clk 0:45:08]} Kg7 {[%clk 1:09:19]} 26. Nc5 {[%clk 0:43:13]} Rd6
{[%clk 1:07:43]} 27. Ne4 {[%clk 0:39:09]} Qg4 {[%clk 1:08:03]} 28. Qa4
{[%clk 0:34:45]} Ra6 {[%clk 1:07:41]} 29. Qb3 {[%clk 0:32:56]} Rb6
{[%clk 1:07:53]} 30. Nf2 {[%clk 0:30:54]} Rxb3 {[%clk 1:08:02]} 31. Nxg4
{[%clk 0:31:11]} Rxb2 {[%clk 1:08:27]} 32. Kg1 {[%clk 0:24:32]} Rxa2
{[%clk 1:08:37]} 33. Rf1 {[%clk 0:24:10]} f5 {[%clk 1:08:07]} 34. Ne3
{[%clk 0:21:45]} Rd2 {[%clk 1:07:48]} 35. Nxf5+ {[%clk 0:07:05]} Nxf5
{[%clk 1:08:11]} 36. Rxf5 {[%clk 0:07:31]} Rxd3 {[%clk 1:08:33]} 37. Rf1
{[%clk 0:05:02]} Rc3 {[%clk 1:08:31]} 38. Ra1 {[%clk 0:04:56]} Rxc4
{[%clk 1:08:55]} 39. Rxa7 {[%clk 0:05:19]} Rc5 {[%clk 1:09:18]} 40. Kf2
{[%clk 0:05:26]} Kf8 {[%clk 1:09:20]} 41. Ra6 {[%clk 0:05:35]} Kg7
{[%clk 1:09:29]} 42. d6 {[%clk 0:05:38]} cxd6 {[%clk 1:09:45]} 43. Rxd6
{[%clk 0:06:00]} Rc2+ {[%clk 1:10:10]} 44. Kg3 {[%clk 0:06:23]} f6
{[%clk 1:10:33]} 45. h3 {[%clk 0:05:28]} h5 {[%clk 1:10:09]} 46. Kf3
{[%clk 0:05:13]} Kg6 {[%clk 1:10:20]} 47. g3 {[%clk 0:03:47]} Rc3+
{[%clk 1:08:24]} 48. Kf4 {[%clk 0:04:05]} Rc4+ {[%clk 1:08:30]} 49. Kf3
{[%clk 0:04:29]} Rb4 {[%clk 1:07:43]} 50. Rc6 {[%clk 0:04:48]} Rb5
{[%clk 1:07:40]} 51. Rc4 {[%clk 0:04:14]} 1/2-1/2

[Event "PMPJ 2022 - D13"]
[Site "Jastrzebia Gora"]
[Date "2022.11.07"]
[Round "3.4"]
[White "Walerjan, Ada"]
[Black "Socha, Maja"]
[Result "1-0"]
[BlackElo "1081"]
[WhiteElo "1209"]
[LiveChessVersion "1.4.8"]

1. e4 c5 {[%clk 1:30:34]} 2. Nf3 {[%clk 1:31:10]} Nc6 {[%clk 1:30:33]} 3. d4
{[%clk 1:31:23]} cxd4 {[%clk 1:30:37]} 4. Nxd4 {[%clk 1:31:40]} g6
{[%clk 1:30:34]} 5. Nc3 {[%clk 1:31:55]} Bg7 {[%clk 1:30:40]} 6. Be3
{[%clk 1:32:06]} Nf6 {[%clk 1:30:28]} 7. Bc4 {[%clk 1:31:21]} Qa5
{[%clk 1:29:45]} 8. O-O {[%clk 1:29:04]} O-O 9. Bb3 d6 {[%clk 1:28:15]} 10. h3
{[%clk 1:27:55]} a6 {[%clk 1:23:14]} 11. Nxc6 {[%clk 1:24:20]} bxc6
{[%clk 1:23:07]} 12. Qd2 {[%clk 1:22:51]} Bb7 {[%clk 1:17:17]} 13. Rfe1
{[%clk 1:19:46]} Qc7 {[%clk 1:12:21]} 14. Bh6 {[%clk 1:18:23]} c5
{[%clk 1:08:44]} 15. Bxg7 {[%clk 1:17:47]} Kxg7 {[%clk 1:08:48]} 16. Nd5
{[%clk 1:14:13]} Bxd5 {[%clk 1:06:40]} 17. Bxd5 {[%clk 1:13:48]} Rab8
{[%clk 1:06:09]} 18. b3 {[%clk 1:12:42]} e6 {[%clk 1:05:37]} 19. Bc4
{[%clk 1:12:51]} Qc6 {[%clk 1:03:48]} 20. Qc3 {[%clk 1:09:39]} e5
{[%clk 1:00:42]} 21. Bd3 {[%clk 1:08:41]} Nh5 {[%clk 0:53:14]} 22. Rad1
{[%clk 1:01:37]} Nf4 {[%clk 0:52:04]} 23. Bc4 {[%clk 0:53:12]} f5
{[%clk 0:45:24]} 24. Bd5 {[%clk 0:44:52]} Qb5 {[%clk 0:42:15]} 25. Qc4
{[%clk 0:39:27]} Qd7 {[%clk 0:34:01]} 26. Qxa6 {[%clk 0:34:06]} fxe4
{[%clk 0:31:33]} 27. Rxe4 {[%clk 0:27:09]} Qf5 {[%clk 0:29:30]} 28. f3
{[%clk 0:21:46]} Qg5 {[%clk 0:26:52]} 29. Qf1 {[%clk 0:18:49]} Nxh3+
{[%clk 0:24:41]} 30. Kh2 {[%clk 0:18:21]} Nf4 {[%clk 0:23:02]} 31. Bc4
{[%clk 0:16:32]} Qh4+ {[%clk 0:21:39]} 32. Kg1 {[%clk 0:16:55]} Qg3
{[%clk 0:21:26]} 33. Rd2 {[%clk 0:15:48]} d5 {[%clk 0:18:14]} 34. Bxd5
{[%clk 0:15:10]} Rbd8 {[%clk 0:17:42]} 35. c4 {[%clk 0:14:53]} Rf5
{[%clk 0:15:49]} 36. Qe1 {[%clk 0:14:06]} Qg5 {[%clk 0:11:25]} 37. Kf1
{[%clk 0:10:04]} Qh5 {[%clk 0:10:42]} 38. Qf2 {[%clk 0:09:58]} Rdf8
{[%clk 0:06:51]} 39. Re3 {[%clk 0:04:44]} Qh2 {[%clk 0:05:21]} 40. Qg1
{[%clk 0:04:34]} Qg3 {[%clk 0:05:30]} 41. Qf2 {[%clk 0:03:50]} Qh2
{[%clk 0:05:33]} 42. Be4 {[%clk 0:03:45]} Rg5 {[%clk 0:05:27]} 43. Qg1
{[%clk 0:03:31]} Qg3 {[%clk 0:04:55]} 44. a4 {[%clk 0:02:18]} Nh3
{[%clk 0:04:28]} 45. Qh1 {[%clk 0:02:46]} Nf2 {[%clk 0:04:26]} 46. Rxf2
{[%clk 0:03:01]} Rb8 {[%clk 0:04:25]} 47. Qh3 {[%clk 0:03:02]} Qf4
{[%clk 0:04:41]} 48. Ke2 {[%clk 0:02:51]} Rd8 {[%clk 0:04:27]} 49. Bd5
{[%clk 0:02:55]} Qd4 {[%clk 0:04:06]} 50. Rd3 {[%clk 0:02:56]} Qb2+
{[%clk 0:04:17]} 51. Ke3 {[%clk 0:02:59]} Qc1+ {[%clk 0:04:40]} 52. Rdd2
{[%clk 0:02:19]} Qc3+ {[%clk 0:04:51]} 53. Ke2 {[%clk 0:02:29]} e4
{[%clk 0:04:30]} 54. fxe4 {[%clk 0:02:19]} Qe5 {[%clk 0:02:50]} 55. Rf7+
{[%clk 0:02:34]} Kh8 {[%clk 0:02:42]} 56. Qxh7# {[%clk 0:02:59]} 1-0

[Event "PMPJ 2022 - D13"]
[Site "Jastrzebia Gora"]
[Date "2022.11.07"]
[Round "3.5"]
[White "Gancarz, Julia"]
[Black "Doskocz, Dominika"]
[Result "0-1"]
[BlackElo "1158"]
[WhiteElo "1044"]
[LiveChessVersion "1.4.8"]

1. e4 {[%clk 1:30:45]} e5 {[%clk 1:30:58]} 2. Nf3 {[%clk 1:30:23]} Nc6
{[%clk 1:31:25]} 3. Bc4 {[%clk 1:30:17]} Bc5 {[%clk 1:31:51]} 4. c3
{[%clk 1:28:26]} Nf6 {[%clk 1:32:14]} 5. d4 {[%clk 1:26:47]} exd4
{[%clk 1:32:38]} 6. cxd4 {[%clk 1:26:13]} Bb4+ {[%clk 1:32:56]} 7. Bd2
{[%clk 1:25:37]} Bxd2+ {[%clk 1:33:00]} 8. Nbxd2 {[%clk 1:24:54]} d5
{[%clk 1:33:11]} 9. exd5 {[%clk 1:22:51]} Nxd5 {[%clk 1:33:17]} 10. O-O
{[%clk 1:17:38]} O-O {[%clk 1:32:23]} 11. Re1 {[%clk 1:14:05]} Nf6
{[%clk 1:31:59]} 12. Qb3 {[%clk 1:08:57]} Nxd4 {[%clk 1:29:20]} 13. Nxd4
{[%clk 1:07:27]} Qxd4 {[%clk 1:29:28]} 14. Nf3 {[%clk 1:04:39]} Qc5
{[%clk 1:24:38]} 15. Ne5 {[%clk 0:59:31]} Qb6 {[%clk 1:19:54]} 16. Bxf7+
{[%clk 0:54:55]} Kh8 {[%clk 1:18:40]} 17. Qg3 {[%clk 0:30:10]} Ng4
{[%clk 1:06:45]} 18. Nxg4 {[%clk 0:21:16]} Bxg4 {[%clk 1:06:41]} 19. Qxg4
{[%clk 0:21:07]} Rxf7 {[%clk 1:06:56]} 20. Qe2 {[%clk 0:18:26]} h6
{[%clk 1:05:42]} 21. b3 {[%clk 0:15:08]} Raf8 {[%clk 1:05:47]} 22. Qe3
{[%clk 0:14:36]} Qf6 {[%clk 1:02:58]} 23. Re2 {[%clk 0:14:35]} Qxa1+
{[%clk 1:02:57]} 24. Re1 {[%clk 0:14:52]} Qxa2 {[%clk 1:02:16]} 0-1

[Event "PMPJ 2022 - D13"]
[Site "Jastrzebia Gora"]
[Date "2022.11.07"]
[Round "3.6"]
[White "Woytitzki, Sophie"]
[Black "Cichon, Julia"]
[Result "1-0"]
[BlackElo "1032"]
[WhiteElo "1129"]
[LiveChessVersion "1.4.8"]

1. d4 {[%clk 1:30:58]} Nf6 {[%clk 1:30:46]} 2. c4 {[%clk 1:31:22]} e6
{[%clk 1:30:52]} 3. Nf3 {[%clk 1:31:47]} Bb4+ {[%clk 1:30:39]} 4. Bd2
{[%clk 1:32:06]} Bxd2+ {[%clk 1:30:16]} 5. Nbxd2 {[%clk 1:32:29]} O-O
{[%clk 1:29:32]} 6. g3 {[%clk 1:32:42]} b6 {[%clk 1:26:29]} 7. Bg2
{[%clk 1:32:45]} Bb7 {[%clk 1:26:34]} 8. O-O {[%clk 1:33:04]} d6 {[%clk 1:23:32]}
9. Qc2 {[%clk 1:32:57]} Nbd7 {[%clk 1:21:43]} 10. Rac1 {[%clk 1:32:14]} h6
{[%clk 1:19:23]} 11. Rfd1 {[%clk 1:31:54]} Nh7 {[%clk 1:15:09]} 12. e4
{[%clk 1:29:40]} Rb8 {[%clk 1:10:59]} 13. b4 {[%clk 1:27:58]} f5 {[%clk 1:06:11]}
14. e5 {[%clk 1:27:50]} Ng5 {[%clk 1:04:26]} 15. Re1 {[%clk 1:26:57]} Nxf3+
{[%clk 1:02:17]} 16. Bxf3 {[%clk 1:26:52]} Bxf3 {[%clk 0:59:52]} 17. Nxf3
{[%clk 1:27:14]} Qe7 {[%clk 0:58:08]} 18. Nh4 {[%clk 1:26:18]} Qf7
{[%clk 0:55:58]} 19. a4 {[%clk 1:23:47]} g5 {[%clk 0:52:18]} 20. Nf3
{[%clk 1:23:47]} Rbe8 {[%clk 0:50:56]} 21. Qd3 {[%clk 1:20:36]} Qh5
{[%clk 0:46:15]} 22. exd6 {[%clk 1:16:25]} cxd6 {[%clk 0:45:45]} 23. c5
{[%clk 1:16:06]} dxc5 {[%clk 0:41:50]} 24. dxc5 {[%clk 1:15:26]} Nf6
{[%clk 0:38:16]} 25. cxb6 {[%clk 1:14:58]} axb6 {[%clk 0:38:11]} 26. Rc6
{[%clk 1:14:54]} Qf7 {[%clk 0:32:59]} 27. Rxb6 {[%clk 1:14:48]} Nd5
{[%clk 0:29:53]} 28. Rb5 {[%clk 1:13:45]} Qc7 {[%clk 0:27:38]} 29. a5
{[%clk 1:12:19]} Rf6 {[%clk 0:26:11]} 30. Rxd5 {[%clk 1:12:13]} Rf7
{[%clk 0:23:55]} 31. Rc5 {[%clk 1:11:34]} Qb7 {[%clk 0:23:25]} 32. Rb1
{[%clk 1:10:44]} Rd7 {[%clk 0:22:38]} 33. Qc3 {[%clk 1:10:16]} Red8
{[%clk 0:21:03]} 34. Qb3 {[%clk 1:10:12]} Rd6 {[%clk 0:20:13]} 35. Rbc1
{[%clk 1:09:23]} Kh8 {[%clk 0:17:38]} 36. Qc3+ {[%clk 1:08:57]} Kg8
{[%clk 0:17:24]} 37. Rc7 {[%clk 1:09:03]} Rd1+ {[%clk 0:15:58]} 38. Rxd1
{[%clk 1:09:17]} Rxd1+ {[%clk 0:16:23]} 39. Kg2 {[%clk 1:09:45]} 1-0

[Event "PMPJ 2022 - D13"]
[Site "Jastrzebia Gora"]
[Date "2022.11.07"]
[Round "3.7"]
[White "Pietrzak, Antonina"]
[Black "Kretowicz, Daria"]
[Result "1-0"]
[BlackElo "1115"]
[WhiteElo "1086"]
[LiveChessVersion "1.4.8"]

1. e4 {[%clk 1:30:59]} c5 {[%clk 1:30:39]} 2. Nf3 {[%clk 1:31:24]} d6
{[%clk 1:30:31]} 3. g3 {[%clk 1:31:46]} Nf6 {[%clk 1:30:14]} 4. Qe2
{[%clk 1:31:30]} Nc6 {[%clk 1:27:53]} 5. Bg2 {[%clk 1:30:34]} g6 {[%clk 1:24:56]}
6. O-O {[%clk 1:28:40]} Bg7 {[%clk 1:24:34]} 7. c3 {[%clk 1:27:31]} O-O
{[%clk 1:14:45]} 8. Na3 {[%clk 1:26:41]} a6 {[%clk 1:10:57]} 9. Nc2
{[%clk 1:27:05]} Qc7 {[%clk 1:04:49]} 10. d4 {[%clk 1:20:24]} cxd4
{[%clk 0:55:13]} 11. Nfxd4 {[%clk 1:16:53]} Nxd4 {[%clk 0:47:42]} 12. Nxd4
{[%clk 1:16:50]} Rb8 {[%clk 0:46:08]} 13. Re1 {[%clk 1:10:43]} b5
{[%clk 0:39:25]} 14. e5 {[%clk 1:07:18]} dxe5 {[%clk 0:37:24]} 15. Qxe5
{[%clk 1:06:37]} Qxe5 {[%clk 0:36:35]} 16. Rxe5 {[%clk 1:07:05]} e6
{[%clk 0:35:28]} 17. Bf3 {[%clk 0:56:10]} Bb7 {[%clk 0:32:30]} 18. Bxb7
{[%clk 0:54:14]} Rxb7 {[%clk 0:32:48]} 19. Re2 {[%clk 0:52:30]} Rd8
{[%clk 0:31:37]} 20. Be3 {[%clk 0:47:59]} Nd5 {[%clk 0:29:49]} 21. Nc6
{[%clk 0:41:52]} Rd6 {[%clk 0:28:12]} 22. Na5 {[%clk 0:41:23]} Rb8
{[%clk 0:24:05]} 23. Bc5 {[%clk 0:39:31]} Rd7 {[%clk 0:23:22]} 24. Rd2
{[%clk 0:38:21]} Rc8 {[%clk 0:19:20]} 25. Be3 {[%clk 0:36:55]} Rdc7
{[%clk 0:18:09]} 26. Bd4 {[%clk 0:35:17]} Bxd4 {[%clk 0:17:47]} 27. Rxd4
{[%clk 0:35:40]} Rd8 {[%clk 0:16:34]} 28. Rad1 {[%clk 0:35:01]} Rdc8
{[%clk 0:15:48]} 29. R1d2 {[%clk 0:30:04]} Kf8 {[%clk 0:14:36]} 30. Nb3
{[%clk 0:27:51]} Ke7 {[%clk 0:11:01]} 31. Nc1 {[%clk 0:27:20]} Kf8
{[%clk 0:09:24]} 32. Ne2 {[%clk 0:27:30]} Ke7 {[%clk 0:09:04]} 33. Kf1
{[%clk 0:25:33]} Rc4 {[%clk 0:08:50]} 34. Rxc4 {[%clk 0:24:21]} Rxc4
{[%clk 0:09:09]} 35. Rd4 {[%clk 0:24:45]} Rc8 {[%clk 0:09:08]} 36. Nf4
{[%clk 0:23:24]} Nxf4 {[%clk 0:09:05]} 37. Rxf4 {[%clk 0:23:48]} e5
{[%clk 0:08:20]} 38. Rh4 {[%clk 0:21:42]} h5 {[%clk 0:08:16]} 39. a4
{[%clk 0:20:55]} f5 {[%clk 0:06:30]} 40. axb5 {[%clk 0:19:07]} axb5
{[%clk 0:06:41]} 41. Rb4 {[%clk 0:19:22]} Rc5 {[%clk 0:06:16]} 42. Ke2
{[%clk 0:18:48]} Kd6 {[%clk 0:06:21]} 43. Ke3 {[%clk 0:17:07]} Kd5
{[%clk 0:06:35]} 44. f3 {[%clk 0:15:54]} Kd6 {[%clk 0:05:40]} 45. h4
{[%clk 0:15:24]} Kd5 {[%clk 0:05:19]} 46. Kd3 {[%clk 0:13:25]} Kd6
{[%clk 0:05:21]} 47. b3 {[%clk 0:09:56]} Rd5+ {[%clk 0:05:09]} 48. Kc2
{[%clk 0:08:59]} Kc5 {[%clk 0:04:49]} 49. g4 {[%clk 0:06:31]} hxg4
{[%clk 0:04:39]} 50. fxg4 {[%clk 0:06:46]} f4 {[%clk 0:04:14]} 51. Re4
{[%clk 0:06:28]} f3 {[%clk 0:04:07]} 52. Re3 {[%clk 0:05:29]} b4 {[%clk 0:03:32]}
53. Rxf3 {[%clk 0:04:45]} e4 {[%clk 0:03:27]} 54. Re3 {[%clk 0:04:20]} Re5
{[%clk 0:03:49]} 55. g5 {[%clk 0:04:16]} bxc3 {[%clk 0:03:57]} 56. Kxc3
{[%clk 0:04:39]} Re6 {[%clk 0:04:02]} 57. Re2 {[%clk 0:03:46]} Re5
{[%clk 0:04:14]} 58. b4+ {[%clk 0:03:57]} Kb5 {[%clk 0:04:10]} 59. Kd4
{[%clk 0:04:09]} Re6 {[%clk 0:03:51]} 60. Rxe4 {[%clk 0:04:30]} Rxe4+
{[%clk 0:03:41]} 61. Kxe4 {[%clk 0:04:55]} Kxb4 {[%clk 0:04:06]} 62. Ke5
{[%clk 0:05:16]} Kc5 {[%clk 0:04:22]} 63. Kf6 {[%clk 0:05:44]} Kd6
{[%clk 0:04:38]} 64. Kxg6 {[%clk 0:05:50]} Ke6 {[%clk 0:04:57]} 65. h5
{[%clk 0:06:14]} 1-0

[Event "PMPJ 2022 - D13"]
[Site "Jastrzebia Gora"]
[Date "2022.11.07"]
[Round "3.8"]
[White "Pajer, Irena"]
[Black "Kucia, Kinga"]
[Result "0-1"]
[BlackElo "1162"]
[WhiteElo "1112"]
[LiveChessVersion "1.4.8"]

1. e4 {[%clk 1:30:58]} c5 {[%clk 1:30:47]} 2. Nf3 {[%clk 1:30:56]} d6
{[%clk 1:30:40]} 3. d4 {[%clk 1:30:56]} cxd4 {[%clk 1:31:02]} 4. Nxd4
{[%clk 1:31:18]} Nf6 {[%clk 1:30:11]} 5. Nc3 {[%clk 1:30:01]} g6 {[%clk 1:29:44]}
6. f3 {[%clk 1:28:06]} Bg7 {[%clk 1:29:38]} 7. Be3 {[%clk 1:27:09]} Nc6
{[%clk 1:28:56]} 8. Qd2 {[%clk 1:26:43]} O-O {[%clk 1:28:15]} 9. O-O-O
{[%clk 1:26:24]} d5 {[%clk 1:27:24]} 10. Nxc6 {[%clk 1:20:45]} bxc6
{[%clk 1:27:18]} 11. g4 {[%clk 1:12:38]} Be6 {[%clk 1:19:04]} 12. h4
{[%clk 1:04:33]} Qa5 {[%clk 0:58:35]} 13. Kb1 {[%clk 1:00:28]} dxe4
{[%clk 0:56:14]} 14. h5 {[%clk 0:55:37]} Rad8 {[%clk 0:54:01]} 15. Qe1
{[%clk 0:49:14]} Rxd1+ {[%clk 0:52:39]} 16. Qxd1 {[%clk 0:49:30]} Rd8
{[%clk 0:52:12]} 17. Qe1 {[%clk 0:49:21]} Nd5 {[%clk 0:47:52]} 18. a3
{[%clk 0:44:54]} Nxc3+ {[%clk 0:47:07]} 19. bxc3 {[%clk 0:43:18]} Rb8+
{[%clk 0:47:06]} 20. Kc1 {[%clk 0:43:23]} Qxa3+ {[%clk 0:46:57]} 0-1